Welche Stadt liegt am nördlichsten? (Städte sortieren - Version 1) - Statistiken

Allgemein
  • Dieses Quiz wurde 37 mal gespielt
  • Das Durchschnittsergebnis liegt bei 4 aus 12
Antwortstatistiken
Hint Antwort % Korrekt
Am dritt nördlichsten (55°41 N) Kopenhagen
78%
Am zweit nördlichsten (55°57 N) Edinburgh
70%
Am nördlichsten (59°55 N) Oslo
70%
Am fünft nördlichsten (48°51 N) Paris
35%
Am viert nördlichsten (50°27 N) Kyiv
26%
Am siebt nördlichsten (41°53 N) Chicago
22%
Am neunt nördlichsten (37°59 N) Athen
13%
Am elf nördlichsten (35°10 N) Nikosia
13%
Am acht nördlichsten (40°25 N) Madrid
9%
Am sechst nördlichsten (45°49 N) Zagreb
9%
Am zwölft nördlichsten (32°47 N) Dallas
4%
Am zehnt nördlichsten (37°34 N) Seoul
4%
Keine übereinstimmenden Quizze gefunden
Verteilung der Resultate
Anzahl Personen mit jedem Resultat
Perzentil nach korrekt beantworteten Fragen
Ihre Resultats-Entwicklung
Sie haben dieses Quiz noch nicht gespielt